|
|
|
|
| LEADER |
00000nab a2200000 a 4500 |
| 001 |
vtls011720938 |
| 003 |
SK-MaSNL |
| 005 |
20260304005920.0 |
| 008 |
171115 2017 xo r r 000 0 slo |
| 038 |
|
|
|a KEVKJB
|
| 040 |
|
|
|a KEVKJB
|b slo
|c KEVKJB
|e AACR2
|
| 041 |
0 |
|
|a slo
|
| 044 |
|
|
|a xo
|c SK
|
| 080 |
|
|
|a 94(437.672)"1989"
|2 2011
|
| 100 |
0 |
|
|a (rob)
|4 aut
|9 886249
|
| 245 |
1 |
0 |
|a Prvé týždne "zamatovej revolúcie" v roku 1989 v Košiciach v správach denníka Večer
|c [autor] (rob)
|
| 300 |
|
|
|b Fotogr.
|
| 630 |
0 |
7 |
|a Večer (noviny)
|2 kevkjb
|9 1287252
|
| 648 |
|
7 |
|a 1989
|2 SNKPH
|9 276934
|
| 650 |
0 |
7 |
|a Nežná revolúcia (1989 : Československo)
|2 SNKPH
|9 176560
|
| 651 |
|
7 |
|a Košice (Slovensko)
|2 SNKPHgeo
|9 18694
|
| 773 |
0 |
|
|t Košický večer
|g Roč. 50, č. 45 (2017), s. 5
|x 1336-5320
|
| 852 |
|
|
|a KEVKJB
|b KIS3GCP
|
| 999 |
|
|
|c 2558229
|d 2560159
|